000 00565nam a2200205Ia 4500
005 20250923150114.0
008 008 250917s9999 xx 000 0 eng d
037 _aTextual
040 _aDSWL
_beng
_cDSWL
041 _aeng
_2eng
084 _aYX, zM;8, PO2
_qDSWL
100 _aQueally, D
_9842283
245 0 _aCommunity based disaster management
_c by D Queally
260 _aNew Delhi
_b VANI Publications
_c2002
300 _a52p.
365 _aINR
_b60
925 _g60
942 _cTEXL
_hYX, zM;8, PO2
999 _c1459600
_d1459600